Conservación de caminos : un modelo participativo
Tallennettuna:
| Aineistotyyppi: | Kirja |
|---|---|
| Kieli: | Spanish |
| Julkaistu: |
San José, Costa Rica. : Convenio Costarricense-Alemán de Cooperación Técnica. Proyecto MOPT/GTZ,
1998.
|
| Aiheet: | |
| Tagit: |
Lisää tagi
Ei tageja, Lisää ensimmäinen tagi!
|
MARC
| LEADER | 00000nam a2200000Ia 4500 | ||
|---|---|---|---|
| 003 | 001930 | ||
| 005 | 20221231143946.0 | ||
| 008 | 140114s1998 cr a 000 ||spa d | ||
| 020 | |a 9977610088 | ||
| 040 | |c cru CEDI | ||
| 082 | |a 625.76 C755c | ||
| 245 | |a Conservación de caminos : un modelo participativo | ||
| 260 | |a San José, Costa Rica. : Convenio Costarricense-Alemán de Cooperación Técnica. Proyecto MOPT/GTZ, |c 1998. | ||
| 300 | |a 484 páginas : ilustraciones | ||
| 500 | |a "Convenio Costarricense -Alemán de Cooperación Técnica. Proyecto MOPT/GTZ" | ||
| 650 | |x TRANSPORTE - MANTENIMIENTO Y REPARACION |x CAMINOS |9 7368 | ||
| 942 | |2 ddc |c BK | ||
| 999 | |c 14809 |d 14809 | ||



